000 00299nam a22001337a 4500
008 170725b xxu||||| |||| 00| 0 eng d
020 _a9780976630401
041 _aeng
080 _a004
100 _a29
101 _aSHK
245 _aEXAM CONNECTION LEARNING SYSTEM
_cPRICE,CH
942 _2udc
_cBK
999 _c21842
_d21842